Canada Geography by Letter - C - Statistics

General Stats
  • This quiz has been taken 35 times
    17 since last reset
  • The average score is 6 of 14
Answer Stats
Hint Answer % Correct
Alberta stampede city Calgary
100%
Toronto's most iconic landmark CN Tower
88%
PEI's capital Charlottetown
81%
Nova Scotia island with highlands Cape Breton
56%
Polar bear capital of the world Churchill
56%
Lake shared by Quebec, New York, & Vermont Champlain
50%
Mountain town near Banff Canmore
38%
Scenic Highway on the island above Cabot Trail
31%
Vancouver suspension bridge Capilano
31%
Iconic Quebec City hotel Château Frontenac
31%
Ontario town near Quebec border Cornwall
25%
Anne of Green Gables setting Cavendish
13%
Birthplace of Hawaiian pizza Chatham-Kent
6%
Town in western Newfoundland Corner Brook
6%
No matching quizzes found
Score Distribution
Percent of People with Each Score
Percentile by Number Answered
Your Score History
You have not taken this quiz since the last reset